01061nam a2200289Ia 450000500170000000800400001702000180005710000430007524501200011825000350023830000470027353400250032065000430034565000400038865000370042865000300046565000310049570000540052694200150058026400270059533600270062233700330064933800280068204000350071008400110074599900150075620220317000341.0141031s2014 ck ck a 0 gpad s sp spa  a97895842363331 aTolkien, John Ronald Revel,d1892-197313aEl señor de los anillosbla comunidad del anillocJ.R.R Tolkien ; traducción de Matilde Horne y Luis Domènech a1a ediciónb2a reimpresión a566 páginasbilustraciones, mapasc32 cm tThe Lord of the Ring142LEMBaLiteratura sudafricanaySiglo XX142LEMBaNovela sudafricana ySiglo XX142LEMBaFantasia en la literatura 142LEMBaMitología nordica142LEMBaMundos fantásticos1 aDoménech, Luis Horne, Matildeetraductor969629 2loccBKLIT aBogotábBooketc2014 atextobtxt2rdacontent asin mediaciónbn2rdamedia avolumenbnc2rdacarrier aCO-BoRNBPbspaerdacCO-BoRNBP aN TOL3 c3803d3803